ANTROPOLOGIA FILOSOFICA (Registro nro. 43149)
[ vista simple ]
| 000 -LEADER | |
|---|---|
| fixed length control field | 00954nam a2200193 a 4500 |
| 001 - CONTROL NUMBER | |
| control field | 43149 |
| 005 - DATE AND TIME OF LATEST TRANSACTION | |
| control field | 20180714021556.0 |
| 008 - FIXED-LENGTH DATA ELEMENTS--GENERAL INFORMATION | |
| fixed length control field | 140415s2000 sp 000 0 spa d |
| 020 ## - INTERNATIONAL STANDARD BOOK NUMBER | |
| International Standard Book Number | 847050617X |
| 041 ## - LANGUAGE CODE | |
| Language code of text/sound track or separate title | spa |
| 082 ## - DEWEY DECIMAL CLASSIFICATION NUMBER | |
| Classification number | 128 |
| Item number | VAL |
| 100 1# - MAIN ENTRY--PERSONAL NAME | |
| Personal name | VALVERDE, CARLOS |
| 245 10 - TITLE STATEMENT | |
| Title | ANTROPOLOGIA FILOSOFICA |
| 250 ## - EDITION STATEMENT | |
| Edition statement | 3a ed. |
| 260 ## - PUBLICATION, DISTRIBUTION, ETC. | |
| Place of publication, distribution, etc. | ESPAÑA : |
| Name of publisher, distributor, etc. | EDICEP, |
| Date of publication, distribution, etc. | 2000 |
| 300 ## - PHYSICAL DESCRIPTION | |
| Extent | 308 |
| Dimensions | x 16 x 24 |
| 520 ## - SUMMARY, ETC. | |
| Summary, etc. | NO SE INSISTIR EN LA IMPORTANCIA DE ALCANZAR UNA COMPRENSION OBJETIVA DE LO QUE ES LA PERSONA, PORQUE ES EVIDENTE QUE DE LO QUE SE PIENSE SOBRE LA PERSONA DEPENDE LO QUE SE PIENSE SOBRE LA FAMILIA, SOCIEDAD, EL ESTADO, LA ECONOMIA, ETC. LOS DIVERSOS TEMAS SE PROPONEN DE MANERA AVREVIADA Y CONCISA PARA QUE SEA FACILMENTE ASEQUIBLE LO FUNDAMENTAL DE LO QUE LA RAZON HUMANA HA LOGRADO DESCUBRIR SOBRE LA ESTRUCTURA ULTIMA DE LA PERSONA. LO QUE SI ES NECESARIO ES ACERCARSE AL ESTUDI |
| 650 14 - SUBJECT ADDED ENTRY--TOPICAL TERM | |
| Topical term or geographic name entry element | ANTROPOLOGIA FILOSOFICA |
| Withdrawn status | Lost status | Source of classification or shelving scheme | Damaged status | Not for loan | Collection code | Home library | Current library | Shelving location | Date acquired | Source of acquisition | Inventory number | Total Checkouts | Full call number | Barcode | Date last seen | Date last checked out | Price effective from | Koha item type |
|---|---|---|---|---|---|---|---|---|---|---|---|---|---|---|---|---|---|---|
| Dewey Decimal Classification | General | Biblioteca Karol Wojtyla | Biblioteca Karol Wojtyla | Sala general | 03/12/2013 | Compra | 151000000000000000060732 | 1 | 128 VAL | 64973 | 05/01/2026 | 07/11/2019 | 03/12/2013 | Libro |